The cinema of Satyajit Ray / (Record no. 54367)
[ view plain ]
| 000 -LEADER | |
|---|---|
| fixed length control field | 00963nam a22002177a 4500 |
| 005 - DATE AND TIME OF LATEST TRANSACTION | |
| control field | 20110729155159.0 |
| 010 ## - LCCN (DPL NO) | |
| LC control number | B-441247 |
| 020 ## - INTERNATIONAL STANDARD BOOK NUMBER | |
| International Standard Book Number | 9788123707532 |
| Terms of availability | 130.00 |
| 035 ## - SYSTEM CONTROL NUMBER | |
| System control number | B-441247 |
| 037 ## - SOURCE OF ACQUISITION | |
| Source of stock number/acquisition | Allied Publishers |
| 082 ## - DEWEY DECIMAL CLASSIFICATION NUMBER | |
| Classification number | 791.430233092 |
| 100 ## - MAIN ENTRY--PERSONAL NAME | |
| Personal name | Das Gupta, Chidananda |
| 245 ## - TITLE STATEMENT | |
| Title | The cinema of Satyajit Ray / |
| Statement of responsibility, etc | by Chidananda Das Gupta |
| 260 ## - PUBLICATION, DISTRIBUTION, ETC. (IMPRINT) | |
| Place of publication, distribution, etc | New Delhi |
| Name of publisher, distributor, etc | National Book Trust |
| Date of publication, distribution, etc | 2008(repr.). |
| 270 ## - ADDRESS | |
| Address | Nehru Bhawan, 5 Institutional Area, Phase-II, Vasant Kunj |
| City | New Delhi |
| Postal code | 110070 |
| 300 ## - PHYSICAL DESCRIPTION | |
| Extent | xv, 204p |
| Dimensions | 26cm(pbk) |
| Other physical details | b&w photos |
| 700 ## - ADDED ENTRY--PERSONAL NAME | |
| 9 (RLIN) | 5645 |
| 942 ## - ADDED ENTRY ELEMENTS (KOHA) | |
| Source of classification or shelving scheme | Dewey Decimal Classification |
| Item type | English Books |
| Call number suffix | DAS |
| Classification part | 791.430233092 |
| Withdrawn status | Lost status | Not for loan | Collection code | Home library | Current library | Date acquired | Source of acquisition | Cost, normal purchase price | Full call number | Barcode | Copy number | Cost, replacement price | Koha item type |
|---|---|---|---|---|---|---|---|---|---|---|---|---|---|
| Lost and Paid For | Non-fiction | Central Library | Central Library | 29/07/2011 | Allied Publishers/CR/0000056/20.4.11/85/24.3.11/10.6.11 | 130.00 | 791.430233092 DAS | B-441247 | 1 | 130.00 | English Books |
